000 00472nam a2200169Ia 4500
008 240729s9999 xx 000 0 und d
022 _a2255-8837
245 0 _aEnvironmental and Climate Technologies
260 _aPoland
260 _bSciendo
650 _a Mechanical engineering and machinery
650 _a Renewable energy sources
650 _aTechnology
856 _uhttps://doaj.org/toc/16302f88162446199442eb303857b8db
942 _2ddc
942 _cDOAJEJ
999 _c72056
_d72056
945 _a1
_bMadushi Gamage
_c1
_dMadushi Gamage